Home alone quiz - Statistics

General Stats
  • This quiz has been taken 1,463 times
    608 since last reset
  • The average score is 9 of 15
Answer Stats
Questions Answer % Correct
To which city is Kevin going in Home alone 2? New York City
97%
What famous person does Kevin see in the Plaza hotel he stayed in New york? Donald Trump
91%
In what year was Home alone 1 produced? 1990
81%
Which animal from his oldest brother did Kevin drop? Tarantula
77%
What does Peter found from Harry at the end of Home alone 1? Gold tooth
75%
In which place does Kevin meet his Neighbour and have a talk with him? Church
71%
What are Marv en Harry called as? The Wet Bandits
69%
Where do the McAllisters live? Chicago
68%
What's the name of Kevins oldest brother? Buzz
65%
What is Kevin stealing at the grocery store? Toothbrush
64%
Which drink is Fuller drinking most of the time? Pepsi
60%
How late are the thiefs planning to break in the McAllisters house? 9pm
59%
What is the name of the man that gave Kevin lovebirds for Christmas? Duncan
22%
How much dollar did the pizza’s cost for the Mcallisters? $122,50
11%
What is the name of the neighbour of the McAllisters? Marley
10%
No matching quizzes found
Score Distribution
Percent of People with Each Score
Percentile by Number Answered
Your Score History
You have not taken this quiz since the last reset